000
00229nam a2200097Ia 4500
008
170619s9999 xx 000 0 und d
100
_a
SHARMA PANKAJ
245
0
_a
INFORMATION SECURITY AND CYBER LOWS
260
_b
KATSON
260
_c
2010
546
_a
ENGLISH
999
_c
19235
_d
19235